| 000 | 01159nam a2200289 i 4500 | ||
|---|---|---|---|
| 001 | bg | ||
| 100 | 1 | _aJACEWICZ, Przemysław | |
| 245 | 1 | 0 |
_aModel analysis and synthesis of complex physical systems using cellular automata / _cPrzemysław Jacewicz. |
| 260 |
_aZielona Góra : _bUniversity of Zielona Góra Press, _c2003. |
||
| 300 |
_a134 s. : _bl. ; _c24 cm. |
||
| 490 | 1 | _aLecture Notes in Control and Computer Science / Faculty of Electrical Engineering. Computer Science and Telecomunications. University of Zielona Góra | |
| 500 | _aStreszcz. pol. | ||
| 504 | _aBibliogr. | ||
| 650 | 9 | _aAutomaty komórkowe | |
| 650 | 9 | _aProgramowanie ewolucyjne | |
| 650 | 9 |
_aRównania różniczkowe zwyczajne _xstosowanie |
|
| 650 | 9 | _aAlgorytmy genetyczne | |
| 650 | 9 |
_aDrzewa _xbadanie |
|
| 830 | 0 | _aLecture Notes in Control and Computer Science (Faculty of Electrical Engineering. Computer Science and Telecomunications. University of Zielona Góra) | |
| 020 | _a838932167X | ||
| 040 | _cBPK | ||
| 041 | 0 |
_aeng _bpol |
|
| 080 | _a510.5:517.9:004.4:575:630 | ||
| 920 | _a83-89321-67-X | ||
| 942 | _cKS | ||
| 008 | s pl f |000 0 pol | ||
| 999 |
_c43953 _d43953 |
||
| 856 |
_uhttp://koha.tu.koszalin.pl/cgi-bin/koha/opac-detail.pl?biblionumber=43953 _yKatalog online BPK |
||